5HLuxD.jpg

KING HENRY VIII SENIOR AND PRIMARY SCHOOL LIBRARY OPAC

Heir of fire : (Record no. 989)

000 -LEADER
fixed length control field 01011nam a22002417a 4500
005 - DATE AND TIME OF LATEST TRANSACTION
control field 20200310110136.0
008 - FIXED-LENGTH DATA ELEMENTS--GENERAL INFORMATION
fixed length control field 200310b ||||| |||| 00| 0 eng d
020 ## - INTERNATIONAL STANDARD BOOK NUMBER
International Standard Book Number 9781619630673
040 ## - CATALOGING SOURCE
Transcribing agency KH8
082 ## - DEWEY DECIMAL CLASSIFICATION NUMBER
Classification number FIC MAA
100 ## - MAIN ENTRY--PERSONAL NAME
Personal name Maas, Sarah J.
Relator term author
245 ## - TITLE STATEMENT
Title Heir of fire :
Remainder of title a throne of glass novel /
Statement of responsibility, etc. Sarah J Maas
260 ## - PUBLICATION, DISTRIBUTION, ETC.
Place of publication, distribution, etc. New York, NY :
Name of publisher, distributor, etc. Bloomsbury,
Date of publication, distribution, etc. 2015. ©2014.
300 ## - PHYSICAL DESCRIPTION
Extent 565 pages :
Other physical details map ;
Dimensions 21 cm.
440 ## - SERIES STATEMENT/ADDED ENTRY--TITLE
Title Throne of glass ;
Number of part/section of a work Book 3.
500 ## - GENERAL NOTE
General note Sequel to: Crown of midnight.<br/>Includes excerpt from author's next book in the same series, "Queen of Shadows."
520 ## - SUMMARY, ETC.
Summary, etc. Royal assassin Celaena must travel to a new land to confront a truth about her heritage, while brutal and monstrous forces are gathering on the horizon, intent on enslaving her world.
650 ## - SUBJECT ADDED ENTRY--TOPICAL TERM
Topical term or geographic name entry element Assassins
Form subdivision Juvenile fiction.
650 ## - SUBJECT ADDED ENTRY--TOPICAL TERM
Topical term or geographic name entry element Identity (Philosophical concept)
Form subdivision Juvenile fiction.
650 ## - SUBJECT ADDED ENTRY--TOPICAL TERM
Topical term or geographic name entry element Kings and rulers
Form subdivision Juvenile fiction.
650 ## - SUBJECT ADDED ENTRY--TOPICAL TERM
Topical term or geographic name entry element Fantasy.
942 ## - ADDED ENTRY ELEMENTS (KOHA)
Source of classification or shelving scheme
Koha item type Books - Fiction
Holdings
Withdrawn status Lost status Source of classification or shelving scheme Damaged status Not for loan Collection code Permanent Location Current Location Shelving location Date acquired Total Checkouts Full call number Barcode Date last seen Date last checked out Price effective from Koha item type
          Fiction KH8 Senior School Library KH8 Senior School Library Young Adult 2020-03-10 5 FIC MAA 3KHSL000101732 2025-10-03 2025-09-24 2020-03-10 Books - Fiction

Powered By KH8 IT Dept